00878nam a2200205 a 4500003000200000005001700002008004100019050003100060100003100091245011200122260009000234300004000324504004100364650004400405650004200449650004900491650005200540650003500592650004500627020250206125334.0130829s19uu xx 00 eng d aPGS P 96.4.S65b.M278 2013 aManio, Eunice Gabrielle F. aSocial networking engagement and the communication skills of S.I.S.C students /cEunice Gabrielle F. Manio. aLas Piñas City, Philippines :bSouthville International School and Colleges,c2013. a78 pages :billustrations ;c28 cm. aIncludes bibliographical references. aSocial networksvPsychological aspects. aSocial mediav Psychological aspects. aOnline social networksvEducational aspects. aCommunicationvStudy and teaching (Elementary). aCommunicationvSocial aspects. aInterpersonal communication in children.